[Event "Robecchetto op 32nd"]
[Site "Robecchetto"]
[Date "2019.12.29"]
[Round "5"]
[White "Zanetti, Alberto"]
[Black "Valtemara, Mattia Angelo"]
[Result "0-1"]
[WhiteElo "2010"]
[BlackElo "2018"]
[PlyCount "70"]
[EventDate "2019.12.26"]
[EventType "swiss"]
[EventRounds "6"]
[EventCountry "ITA"]
[SourceTitle "CBM 194 Extra"]
[Source "ChessBase"]
[SourceDate "2020.03.31"]
[SourceVersion "1"]
[SourceVersionDate "2020.03.31"]
[SourceQuality "1"]

1. d4 d5 2. Bf4 Nf6 3. e3 Bf5 4. c4 c6 5. Nc3 e6 6. Qb3 Qc8 7. Rc1 Nbd7 8. Nf3 Be7 9. h3 h6 10. Be2 0-0 11. 0-0 dxc4 12. Bxc4 Nb6 13. Be2 Qd8 14. Rfd1 Bd6 15. Ne5 Qe7 16. Bf3 Rac8 17. a3 Rfd8 18. Na4 Nxa4 19. Qxa4 a6 20. b4 Be4 21. Bxe4 Nxe4 22. f3 Nf6 23. e4 Nd7 24. Nd3 Bxf4 25. Nxf4 e5 26. Ne2 exd4 27. Nxd4 g6 28. Nxc6 Rxc6 29. Rxc6 bxc6 30. Qxa6 Ne5 31. Rxd8+ Qxd8 32. f4 Qd4+ 33. Kh1 Nd3 34. Qxc6 Nxf4 35. b5 Ne2 0-1

[Event "EU-ch U12 27th"]
[Site "Mamaia"]
[Date "2017.09.08"]
[Round "4"]
[White "Kharitonov, Egor"]
[Black "Valtemara, Mattia Angelo"]
[Result "1-0"]
[WhiteElo "2074"]
[BlackElo "1910"]
[PlyCount "107"]
[EventDate "2017.09.05"]
[EventType "swiss"]
[EventRounds "9"]
[EventCountry "ROU"]
[SourceTitle "CBM 180 Extra"]
[Source "ChessBase"]
[SourceDate "2017.10.06"]
[SourceVersion "1"]
[SourceVersionDate "2017.10.06"]
[SourceQuality "1"]

1. d4 d5 2. c4 c6 3. Nf3 Nf6 4. Qc2 g6 5. Bf4 Bf5 6. Qc1 Bg7 7. e3 Nbd7 8. Nc3 0-0 9. h3 h5 10. Be2 dxc4 11. Bxc4 c5 12. 0-0 Nb6 13. Bb3 cxd4 14. Nxd4 Qc8 15. Nxf5 Qxf5 16. Rd1 e5 17. Bg3 Rfd8 18. Rd2 Rac8 19. Qd1 Rxd2 20. Qxd2 Ne4 21. Nxe4 Qxe4 22. Rd1 Qc6 23. Qa5 Qc7 24. e4 Bf6 25. h4 Kg7 26. Rd3 Nc4 27. Qxa7 Nxb2 28. Rf3 b5 29. Qa6 Qc6 30. Qa3 Nc4 31. Qb4 Nd6 32. Bd5 Qc5 33. Qa5 Qc7 34. Qa6 Qc5 35. Kh2 Qc7 36. Bxf7 Qc6 37. Qxc6 Rxc6 38. Bd5 Ra6 39. Rc3 Nc4 40. Rb3 Ra5 41. f3 Nd2 42. Rc3 Nc4 43. Rc2 Kh6 44. Bf2 Be7 45. Kg3 g5 46. Kh3 Ra6 47. Bb7 Ra4 48. Bc6 Rb4 49. Bxb5 Rxb5 50. Rxc4 Rb2 51. Be3 Rxa2 52. Rc6+ Kg7 53. Bxg5 Bxg5 54. hxg5 1-0

[Event "Omegna op 4th"]
[Site "Omegna"]
[Date "2016.08.07"]
[Round "5"]
[White "Valtemara, Mattia Angelo"]
[Black "Mina, Marco"]
[Result "0-1"]
[WhiteElo "1775"]
[BlackElo "2057"]
[PlyCount "68"]
[EventDate "2016.08.05"]
[EventType "swiss"]
[EventRounds "5"]
[EventCountry "ITA"]
[SourceTitle "EXT 2018"]
[Source "ChessBase"]
[SourceDate "2017.10.13"]
[SourceVersion "1"]
[SourceVersionDate "2017.10.13"]
[SourceQuality "1"]

1. e4 e6 2. d4 d5 3. Nd2 Be7 4. Ngf3 Nf6 5. e5 Nfd7 6. Bd3 c5 7. c3 Nc6 8. Bb1 a5 9. a4 b6 10. 0-0 Qc7 11. Nb3 h6 12. Be3 cxd4 13. cxd4 Ba6 14. Bd3 Bxd3 15. Qxd3 Nb4 16. Qd2 Qc4 17. Qd1 0-0 18. Rc1 Qa6 19. Qd2 Rfc8 20. Rxc8+ Rxc8 21. Rc1 Rc4 22. Rxc4 dxc4 23. Nc1 Nd5 24. Ne2 b5 25. axb5 Qxb5 26. Nc3 Nxc3 27. Qxc3 Nb6 28. Nd2 Bb4 29. Qc2 Bxd2 30. Bxd2 Nd5 31. Bc3 a4 32. g3 Qb3 33. Qxb3 cxb3 34. Bd2 a3 0-1

[Event "Olbia CIG U16 24th"]
[Site "Olbia"]
[Date "2016.06.29"]
[Round "5"]
[White "Valtemara, Mattia Angelo"]
[Black "Bettalli, Francesco"]
[Result "0-1"]
[WhiteElo "1762"]
[BlackElo "1953"]
[PlyCount "76"]
[EventDate "2016.06.26"]
[EventType "swiss"]
[EventRounds "9"]
[EventCountry "ITA"]
[SourceTitle "EXT 2024"]
[Source "ChessBase"]
[SourceDate "2023.10.10"]
[SourceVersion "1"]
[SourceVersionDate "2023.10.10"]
[SourceQuality "1"]

1. e4 c5 2. Nf3 Nc6 3. c3 Nf6 4. e5 Nd5 5. d4 cxd4 6. cxd4 d6 7. Bc4 e6 8. 0-0 Be7 9. Nc3 Nxc3 10. bxc3 dxe5 11. Nxe5 Nxe5 12. dxe5 Qc7 13. Qe2 0-0 14. Bb2 Bd7 15. Rfd1 Rfd8 16. Bb3 a5 17. a4 Qb6 18. Qc2 Bc6 19. Re1 Bc5 20. Re2 Rd7 21. Rd1 Rxd1+ 22. Qxd1 Rd8 23. Qc2 Rd7 24. h3 Qd8 25. Bc1 Qh4 26. Kf1 b5 27. axb5 Bxb5 28. c4 Bc6 29. Ba4 Bxa4 30. Qxa4 Qd8 31. Qc2 a4 32. Rd2 a3 33. Rxd7 Qxd7 34. Kg1 Qd4 35. Be3 Qa1+ 36. Kh2 Qxe5+ 37. g3 Bxe3 38. fxe3 Qb2 0-1

[Event "Milan Crespi op-B 35th"]
[Site "Milan"]
[Date "2014.12.07"]
[Round "5"]
[White "Del Frate, Walter"]
[Black "Valtemara, Mattia Angelo"]
[Result "0-1"]
[WhiteElo "1536"]
[BlackElo "1444"]
[PlyCount "34"]
[EventDate "2014.12.04"]
[EventType "swiss"]
[EventRounds "7"]
[EventCountry "ITA"]
[SourceTitle "EXT 2017"]
[Source "ChessBase"]
[SourceDate "2016.10.25"]
[SourceVersion "1"]
[SourceVersionDate "2016.10.25"]
[SourceQuality "1"]

1. e4 e5 2. Nf3 Nc6 3. Bc4 Bc5 4. c3 Nf6 5. d4 exd4 6. cxd4 Bb4+ 7. Nc3 Nxe4 8. 0-0 Bxc3 9. d5 Ne5 10. Nxe5 Bxe5 11. Re1 Bxh2+ 12. Kf1 Qh4 13. Qe2 f5 14. d6 Bg3 15. Qf3 Bxf2 16. Qxf5 Qh1+ 17. Ke2 Qxe1+ 0-1

[Event "Milan Crespi op-B 35th"]
[Site "Milan"]
[Date "2014.12.05"]
[Round "2"]
[White "Valtemara, Mattia Angelo"]
[Black "Galliani, William"]
[Result "1/2-1/2"]
[WhiteElo "1444"]
[BlackElo "1589"]
[PlyCount "45"]
[EventDate "2014.12.04"]
[EventType "swiss"]
[EventRounds "7"]
[EventCountry "ITA"]
[SourceTitle "EXT 2017"]
[Source "ChessBase"]
[SourceDate "2016.10.25"]
[SourceVersion "1"]
[SourceVersionDate "2016.10.25"]
[SourceQuality "1"]

1. e4 e5 2. Nf3 Nc6 3. Bc4 Nf6 4. Nc3 Be7 5. d3 h6 6. 0-0 d6 7. h3 0-0 8. Be3 Na5 9. Bb3 Nxb3 10. axb3 c5 11. Qd2 Kh7 12. Nh2 d5 13. exd5 Nxd5 14. Nxd5 Qxd5 15. f4 exf4 16. Bxf4 Qd4+ 17. Qe3 Qxe3+ 18. Bxe3 b6 19. Rae1 Bf6 20. c3 Ba6 21. Ng4 Bh4 22. Rd1 Rad8 23. c4 1/2-1/2